000 00487nam a2200169 a 4500
005 20140310183211.0
008 970101s19uu xx 00 eng d
020 _a0198792859
050 _aQD 453.3
_b.At74 2002
100 _aAtkins, Peter
245 _aAtkins' physical chemistry /
_cPeter Atkins.
260 _aNew York :
_bOxford University Press,
_c2002.
300 _a1149 p. :
_c28 cm.
650 _aChemistry, physical & theoretical
942 _cBK
_2lcc
_kFOR
999 _c20133
_d20133